Historia de Rusia / (Record no. 186547)

MARC details
000 -LEADER
campo de control de longitud fija 00864nam a2200205 i 4500
001 - NÚMERO DE CONTROL
campo de control 186547
003 - IDENTIFICADOR DE NÚMERO DE CONTROL
campo de control SpMaBN
005 - FECHA Y HORA DE LA ÚLTIMA TRANSACCIÓN
campo de control 20230906222707.0
008 - DATOS DE LONGITUD FIJA--INFORMACIÓN GENERAL
campo de control de longitud fija 161124s1944 sp b |||| | spa d
080 ## - NÚMERO DE LA CLASIFICACIÓN DECIMAL UNIVERSAL
Número de la Clasificación Decimal Universal 947
100 1# - ENTRADA PRINCIPAL--NOMBRE DE PERSONA
Nombre de persona Hanisch, Erdmann.
9 (RLIN) 161366
245 10 - MENCIÓN DEL TÍTULO
Título Historia de Rusia /
Mención de responsabilidad, etc. por el Dr. Erdmann Hanisch ; traducción del alemán por G. Sans Huélin.
260 ## - PUBLICACIÓN, DISTRIBUCIÓN, ETC.
Lugar de publicación, distribución, etc. Madrid :
Nombre del editor, distribuidor, etc. Espasa-Calpe,
Fecha de publicación, distribución, etc. 1944.
300 ## - DESCRIPCIÓN FÍSICA
Extensión 2 v. (256, [1] h. de mapa col.; 273 p.) ;
Dimensiones 23 cm.
505 8# - NOTA DE CONTENIDO CON FORMATO
Nota de contenido con formato Contiene: I ;
Título Desde los comienzos hasta el final del siglo XVIII (con un mapa) - II ;
-- De 1801 a 1917
651 #4 - PUNTO DE ACCESO ADICIONAL DE MATERIA--NOMBRE GEOGRÁFICO
Nombre geográfico Rusia-
Subdivisión general Historia.
9 (RLIN) 9330
700 1# - ENTRADA AGREGADA--NOMBRE PERSONAL
Nombre de persona Sans Huelin, Guillermo.
9 (RLIN) 103207
852 ## - LOCALIZACIÓN
Ubicación ES-MaACL
Número de control de estantería L-30892-93
Nota libre . - Biblioteca Jacinto Martínez Lacalle
852 ## - LOCALIZACIÓN
Ubicación ES-MaACL
Número de control de estantería L-32014 (v. 2)
Nota libre . - Donat. herederos de la bibl. de Mª del Pilar Costa Palacín
Holdings
Estatus retirado Estado de pérdida Estado de daño No para préstamo Biblioteca de origen Biblioteca actual Ubicación en estantería Fecha de adquisición Fuente de adquisición Total de préstamos Signatura topográfica completa Código de barras Visto por última vez Precio de reemplazo Tipo de ítem Koha
        Biblioteca del Ateneo de Madrid Biblioteca del Ateneo de Madrid Depósito 2 07/06/2018     L-32014 1198958 25/07/2023 23/02/2023 Libro impreso
        Biblioteca del Ateneo de Madrid Biblioteca del Ateneo de Madrid Depósito 2 24/11/2016     L-30892-93 1196714 23/02/2023 23/02/2023 Libro impreso